000 00632nam a2200157Ia 4500
008 090122s9999 xx 000 0 und d
082 _b2945
_a616
100 _aजायस्वाल
_bजयनारायण
245 _aचष्मा व नेत्ररोग चिकित्सा
260 _bगोपाल ग्रंथ प्रकाशन
600 _aजायस्वाल
630 _aचष्मा व नेत्ररोग चिकित्सा
700 _aजायस्वाल
730 _aचष्मा व नेत्ररोग चिकित्सा
942 _cBOOK
999 _c27023
_d27023